The holy terror (Registro nro. 320337)
[ vista simple ]
| 000 -ENCABEZADO | |
|---|---|
| Número de control [NR] | 01551nam a22002777a 4500 |
| 005 - FECHA Y HORA DE LA ÚLTIMA TRANSACCIÓN | |
| control field | 20230616140314.0 |
| 008 - DE LONGITUD FIJA DE DATOS DE ELEMENTOS - INFORMACIÓN GENERAL | |
| Elementos de longitud fija [NR] | 220113s1933 enk||||fr|||| 00| f eng d |
| 040 ## - FUENTE DE CATALOGACION [NR] | |
| Quien Cataloga | Sandra Yazo |
| Quien Clasifica | Sandra Yazo |
| 041 0# - CODIGO DE IDIOMA [R] | |
| Código de idioma para texto/pista de sonido o título separado [R] | Inglés |
| 082 04 - NUMERO DE CLASIFICACION DECIMAL DEWEY [R] | |
| Número de la edición [NR] | 20 |
| Número de clasificación [R] | 823.9 |
| 092 ## - SIGNATURA TOPOGRAFICA LOCAL | |
| Número de clasificación local | E51N067 |
| 100 1# - ASIENTO PRINCIPAL--NOMBRE PERSONAL [NR] | |
| Nombre personal [NR] | Charteris, Leslie |
| Fechas asociadas con el nombre [NR] | 1907-1993 |
| ID Autoridad | 172887 |
| 242 03 - TRADUCCION DEL TITULO POR LA AGENCIA CATALOGADORA [R] | |
| Título [NR] | El Santo. Terror Sagrado. |
| Mención de responsabilidad, etc. [NR] | Leslie Charteris |
| Código de idioma del título traducido [NR] | spa |
| 245 14 - MENCION DE TITULO [NR] | |
| Título [NR] | The holy terror |
| Mención de responsabilidad, etc. [NR] | Leslie Charles Bowyer Yin |
| 260 ## - PUBLICACION, DISTRIBUCION, ETC. (PIE DE IMPRENTA) [R] | |
| Lugar de publicación, distribución, etc. [R] | London [Londres] (Inglaterra) |
| Nombre del editor, distribuidor, etc. [R] | Hodder and Stoughton ; Wyman & Sons Ltd. [Hodder y Stoughton ; Wyman & Hijos, Ltda.] |
| Fecha de publicación, distribución, etc. [R] | 1933 |
| 300 ## - DESCRIPCION FISICA [R] | |
| Extensión [R] | 320 págínas |
| Dimensiones [R] | 18 x 12 cm |
| 490 0# - MENCION DE SERIE [R] | |
| Mención de serie [R] | H & S Yellow Jacket [H. Y S. Sobrecubierta Amarilla] |
| Designación numérica/secuencial del volumen [NR] | 251 |
| 500 ## - NOTA GENERAL [R] | |
| Nota general [NR] | Detalles físicos: Encuadernación rígida en cartón forrado en tela texturizada y repujada. Impresión en negro sobre el lomo (con las iniciales S. H., de Hodder and Stoughton). Sobrecubierta (dañados en bordes) y solapas de papel, con imágenes en colores. Guardas. Hoja de cortesía. Anteportada. Portada impresa en una sola tinta: datos del libro enmarcados en orla decorativa. Texto impreso en una sola columna, con diferentes tipos y tamaños de letra. Índices. Tapa posterior desgarrada. |
| 505 0# - NOTA DE CONTENIDO CON FORMATO PREESTABLECIDO [R] | |
| Nota de contenido con formato preestablecido [NR] | La Agencia tributaria ; El día de un millón de libras ; La melancólica jornada de Mr. Teal.<br/> |
| 506 ## - NOTA DE RESTRICCIONES DE ACCESO [R] | |
| Condiciones de acceso [NR] | Consulta en sala |
| 546 ## - NOTA DE IDIOMA [R] | |
| Nota de idioma [NR] | Inglés |
| 650 #7 - ASIENTO SECUNDARIO DE MATERIA - TERMINO TEMATICO [R] | |
| 9 (RLIN) | 20561 |
| Término temático o nombre geográfico como elemento de entrada [NR] | Novela policiaca inglesa |
| 650 #7 - ASIENTO SECUNDARIO DE MATERIA - TERMINO TEMATICO [R] | |
| 9 (RLIN) | 272 |
| Término temático o nombre geográfico como elemento de entrada [NR] | Literatura inglesa |
| 690 ## - ASUNTO AGREGADO LOCAL DE ENTRADA - TÉRMINO TEMÁTICO (OCLC, RLIN) | |
| Acceso temático local | Literatura europea |
| 9 (RLIN) | 26524 |
| 942 ## - ELEMENTOS DE ENTRADA AGREGADOS (KOHA) | |
| Sistema de clasificación | LOCAL |
| Tipo de ítem principal el descrito en 300a | Libro |
| Edición | 1 |
| Clasificación | E51N067 |
| Suprimido | Perdido | Sistema de clasificación | Dañado | No prestable | Tipo de ítem específico | Ubicación habitual | Ubicación actual | Localización | Fecha de creación | Forma de adquisición | Costo | Total préstamos | Signatura topográfica | Código de barras | Última vez visto | Ejemplar | Price effective from | Tipo de ítem |
|---|---|---|---|---|---|---|---|---|---|---|---|---|---|---|---|---|---|---|
| LOCAL | Libro archivo | Archivo Histórico | Archivo Histórico | Archivo histórico | 13/01/2022 | Donación | 0.00 | E51N067 | L010664 | 13/01/2022 | Ej.1 | 13/01/2022 | Libro |